Music Quiz

Random Music or Song Quiz

Picture + Picture = Song Title Quiz Stats

 Plays Quiz Updated Nov 13, 2014

Also try: Music Pictograms
Challenge
Share
Tweet
Score 0/22 Timer 08:00
12 Plays Today
% Correct
Black Cat - Janet Jackson (1990)
97.7%
Cherry Bomb - John Cougar Mellencamp (1988)
97.3%
Car Wash - Rose Royce (1977)
96.3%
American Pie - Don McLean (1971)
94.4%
Angel Eyes - The Jeff Healey Band (1989)
94.2%
London Bridge - Fergie (2006)
92.6%
Hotel California - Eagles (1977)
90.2%
Disco Duck - Rick Dees (1976)
88.9%
Blurred Lines - Robin Thicke (2013)
87.2%
Gold Digger - Kanye West (2005)
82.7%
Broken Wings - Mr. Mister (1985)
81.9%
% Correct
Scar Tissue - Red Hot Chili Peppers (1999)
78.8%
Baker Street - Gerry Rafferty (1978)
78.7%
Candy Shop - 50 Cent (2005)
78.3%
Paper Planes - M.I.A. (2008)
75.5%
Raspberry Beret - Prince (1985)
72.1%
Lady Marmalade - Christina Aguilera (2001)
69.3%
Shining Star - Earth Wind and Fire (1975)
67.8%
Wicked Game - Chris Isaak (1991)
64%
Super Bass - Nicki Minaj (2011)
57.7%
Rhinestone Cowboy - Glen Campbell (1975)
50.5%
Pink Houses - John Cougar Mellencamp (1984)
49.5%

You're not logged in!

Compare scores with friends on all Sporcle quizzes.
Join for Free
OR
Log In

You Might Also Like...

Show Comments

Extras

Top Quizzes Today


Score Distribution

Your Account Isn't Verified!

In order to create a playlist on Sporcle, you need to verify the email address you used during registration. Go to your Sporcle Settings to finish the process.

Report this User

Report this user for behavior that violates our Community Guidelines.

Details: